Política / (Record no. 23597)

000 -CABECERA
fixed length control field 00857nam a22002417i 4500
003 - IDENTIFICADOR DEL NÚMERO DE CONTROL
control field AR-CdUCM
008 - DATOS DE LONGITUD FIJA--INFORMACIÓN GENERAL
fixed length control field 260406b20242024 pe||||| |||| 00| 0 spa d
020 ## - NÚMERO INTERNACIONAL ESTÁNDAR DEL LIBRO
ISBN 978-84-17477-52-3
040 ## - FUENTE DE LA CATALOGACIÓN
Agencia/entidad que catalogó originalmente la obra MUNICIPALIDAD PROVINCIAL DEL CUSCO
Entidad que transcribió la catalogación BIBLIOTECA MUNICIPAL DEL CUSCO
082 ## - NÚMERO DE LA CLASIFICACIÓN DECIMAL DEWEY
No. de la edición 5°edición
No. de Clasificación 115.1
Notacion interna A72
100 ## - ENTRADA PRINCIPAL--NOMBRE DE PERSONA
Nombre Personal Aristóteles
245 ## - MENCIÓN DE TÍTULO
Título Política /
260 ## - PUBLICACIÓN, DISTRIBUCIÓN, ETC.
Lugar de publicación, distribución, etc. España :
Nombre de la editorial, distribuidor, etc. Pluton Ediciones X, s. L.
Fecha de publicación, distribución, etc. 2024
300 ## - DESCRIPCIÓN FÍSICA
Nº de Páginas Extensión 317 páginas. :
Dimensiones 18x12 cm.
505 ## - NOTA DE CONTENIDO CON FORMATO
Nota de contenido formateada Origen del Estado y de la Sociedad -- De la esclavitud -- Examen de la constitución ideada por Hipódamo de Mileto -- De la situación de la ciudad
650 ## - PUNTO DE ACCESO ADICIONAL DE MATERIA--TÉRMINO DE MATERIA
Descriptor Estado
9 (RLIN) 738
650 ## - PUNTO DE ACCESO ADICIONAL DE MATERIA--TÉRMINO DE MATERIA
Descriptor Vida política
9 (RLIN) 3324
650 ## - PUNTO DE ACCESO ADICIONAL DE MATERIA--TÉRMINO DE MATERIA
Descriptor Condiciones de la educación
9 (RLIN) 52540
856 ## - LOCALIZACIÓN Y ACCESO ELECTRÓNICOS
Dirección electrónica www.plutonediciones..com
942 ## - ELEMENTOS DE PUNTO DE ACCESO ADICIONAL (KOHA)
Fuente de clasificación
Tipo de item Libros-BMC
945 ## - PROCESAMIENTO DE INFORMACIÓN LOCAL (OCLC)
Catalogador pbjr
AAAA-MM-DD - Fecha de ingreso o modificacion 06-04-2026
Holdings
Estado de retiro (separado) Fuente de clasificación o esquema de estanterías Estado dañado Ubicación Sala donde se ubica Nombre de la colección Fecha de adquisición o compra Fuente de adquisición Costo, precio normal en soles Signatura topográfica Código de Barras Última vez visto (Koha) Tipo de ítem (Koha)
No     Administrador-biblioteca Administrador-biblioteca Book Cart 2026-04-06     115.1 / A72 / e.2 SH0000017077 2026-04-06 Libros-BMC
No     Sala Humanidades Sala Humanidades Book Cart 2026-04-06 Donación 20.00 115.1 / A72 SH0000017076 2026-04-06 Libros-BMC

Powered by Koha